000 00817nam a22002417a 4500
003 DO-SdBNP
005 20260123084624.0
007 ta
008 090908s2005 dr 000 0 spa d
040 _aDO-SdBNP
_bspa
_cBNPHU
082 4 _a345.05
_bC352d
_222
100 1 _aCastillo Morales, Luis R. del
_917683
245 1 0 _aDerecho procesal penal /
_cLuis R. del Castillo Morales, Juan Ml. Pellerano Gómez, Hipólito Herrera Pellerano.
260 _aSanto Domingo :
_bCapeldom,
_c2005.
300 _a303 p. ;
_c23 cm.
500 _aIncluye referencias bibliográficas y notas al pie de páginas.
590 _aInventariado,2022 BT
650 1 4 _aDerecho penal
_zRepública Dominicana
_916470
650 1 0 _aProcedimiento penal
_9554
650 1 0 _aDerecho procesal
_9555
910 _aBtavárez
942 _2ddc
_cLBS1
999 _c51425
_d51425